An Introduction to the Physics of Particle Accelerators

Gespeichert in:
Bibliographische Detailangaben
Hauptverfasser: Conte, Mario (Verfasst von), MacKay, Wiliam W. (Verfasst von)
Format: Buch
Sprache:Englisch
Veröffentlicht: New Jersey : World Scientific, 2008
Ausgabe:2. vyd.
Schlagworte:
Tags: Tag hinzufügen
Keine Tags, Fügen Sie das erste Tag hinzu!

MARC

LEADER 00000nam a22000003a 4500
001 stu171463
005 20150617230017.3
008 081006s2008----xxu-----------------eng-d
020 |a 978-981-277-961-8 
040 |a STU  |b slo 
041 0 |a eng 
044 |a xxu 
080 |a 531.114 
080 |a 53  |7 stu_us_auth*stu7966 
100 1 |a Conte, Mario  |4 aut 
245 1 |a An Introduction to the Physics of Particle Accelerators 
250 |a 2. vyd. 
260 |a New Jersey :  |b World Scientific,  |c 2008 
300 |a 374 s 
650 7 |a zrýchlenie  |2 stusub 
650 7 |a fyzika  |2 stusub 
700 1 |a MacKay, Wiliam W.  |4 aut 
996 |b 284EK87568  |c E*87568  |l EE10  |s P  |a 0  |w stu171463_0001 
996 |b 284EK89128  |c E*89128  |l EE36  |s P  |a 0  |w stu171463_0002